000 00908nam a22002657a 4500
001 BR3900035
003 BR-BrBNA
005 20230928082904.0
007 ta
008 230509b bl.||||| |||| 00| 0 por d
040 _aBR-BrBNA
_bpor
_cBiblioteca Nacional de Agricultura
041 _a(Por)
072 _aE10
_b/G514
090 _ E10 BR3900035
100 1 _aVargas, G.
111 1 _aConferencia Nacional de Economia e Administracao
_cRio de Janeiro, DF (Brazil)
_d10 Nov 1939
245 1 _aA Conferencia Nacional de Economia e Administracao [Brasil]
_bExposicao - sintese dos problemas e solucoes da atualidade brasileira
260 3 _aRio de Janeiro, DF (Brasil):
_bSecretaria do Conselho Tecnico de Economia e Financas,
_c1939.
300 _a74 p.
650 _aMacroeconomia
650 _aAnalise economica
650 _aAdministracao
909 _a202309
_bLucia
_c55
_dLucia Elande
942 _cBK
999 _c10456
_d10456